000 00196 a2200097 4500
001 15810
100 _aArco
245 _aElements of debate
260 _aNew York
_bArco
_c
090 _c12360
_d12360
942 _aNUST-CAE
_cM
_c2626
999 _c250883
_d250883